[Event "Mediterranean-ch 11th"]
[Site "Petrovac"]
[Date "2021.06.20"]
[Round "2"]
[White "Rozic, Samo"]
[Black "Tsolakidou, Stavroula"]
[Result "0-1"]
[WhiteElo "2187"]
[BlackElo "2379"]
[PlyCount "82"]
[EventDate "2021.06.19"]
[EventType "swiss"]
[EventRounds "9"]
[EventCountry "MNE"]
[SourceTitle "CBM 203 Extra"]
[Source "ChessBase"]
[SourceDate "2021.09.30"]
[SourceVersion "1"]
[SourceVersionDate "2021.09.30"]
[SourceQuality "1"]

1. f4 d5 2. Nf3 Bg4 3. e3 Nd7 4. d4 e6 5. Bd3 c5 6. c3 Bd6 7. 0-0 Ne7 8. Bd2 h6 9. Be1 Qb6 10. Qd2 Bf5 11. Bxf5 Nxf5 12. Bf2 Nf6 13. Qc2 Ng4 14. Re1 g5 15. Nbd2 Kf8 16. Ne5 Bxe5 17. fxe5 Rc8 18. Nb3 cxd4 19. exd4 h5 20. Nc5 Qc7 21. h3 Nxf2 22. Qxf2 g4 23. Kh1 Qe7 24. Rg1 b6 25. Nd3 Qg5 26. Raf1 h4 27. hxg4 Qxg4 28. Nf4 Ng3+ 29. Kh2 Nxf1+ 30. Rxf1 Rh7 31. Nh3 Rg7 32. Qc2 Qxd4 33. Rf4 Qxe5 34. Qf2 Rg4 35. Kg1 Rxf4 36. Nxf4 Qf6 37. Qe3 Rc4 38. Nh5 Qf5 39. Qh6+ Ke7 40. Ng7 Qg6 41. Qh8 h3 0-1

[Event "SLO-chT1 West"]
[Site "Slovenia"]
[Date "2018.10.13"]
[Round "5.5"]
[White "Bajo, Tin"]
[Black "Rozic, Samo"]
[Result "1-0"]
[WhiteElo "1946"]
[BlackElo "2175"]
[PlyCount "55"]
[EventDate "2018.09.28"]
[EventType "team-tourn"]
[EventRounds "9"]
[EventCountry "SLO"]
[SourceTitle "CBM 187 Extra"]
[Source "ChessBase"]
[SourceDate "2018.11.04"]
[SourceVersion "1"]
[SourceVersionDate "2018.11.04"]
[SourceQuality "1"]
[WhiteTeam "Kocevje"]
[BlackTeam "Ig"]
[WhiteTeamCountry "SLO"]
[BlackTeamCountry "SLO"]

1. e4 e6 2. d4 d5 3. Nd2 Nf6 4. e5 Ng8 5. Bd3 b6 6. Qe2 a5 7. f4 Ne7 8. Ngf3 Ba6 9. Nf1 Qd7 10. Be3 h5 11. Bf2 Ng6 12. Bxa6 Nxa6 13. Qd2 c5 14. Ng3 h4 15. Ne2 Be7 16. 0-0 cxd4 17. Nfxd4 Nc5 18. Nc3 f5 19. Be3 a4 20. a3 0-0 21. Qe2 Rfc8 22. g4 hxg3 23. hxg3 Ne4 24. Nxe4 dxe4 25. Rad1 Qe8 26. Nxe6 Bxa3 27. Nxg7 Bxb2 28. Nxe8 1-0

[Event "Pardubice Czech op-B 28th"]
[Site "Pardubice"]
[Date "2017.07.27"]
[Round "7"]
[White "Rozic, Samo"]
[Black "Pozun, Matej"]
[Result "1/2-1/2"]
[WhiteElo "2160"]
[BlackElo "2045"]
[PlyCount "78"]
[EventDate "2017.07.21"]
[EventType "swiss"]
[EventRounds "9"]
[EventCountry "CZE"]
[SourceTitle "CBM 179 Extra"]
[Source "ChessBase"]
[SourceDate "2017.08.23"]
[SourceVersion "1"]
[SourceVersionDate "2017.08.23"]
[SourceQuality "1"]

1. e4 c5 2. Nc3 Nc6 3. g3 g6 4. Bg2 Bg7 5. d3 d6 6. Be3 e5 7. Qd2 Nge7 8. Bh6 Bxh6 9. Qxh6 Nd4 10. Qd2 b5 11. Nce2 Nec6 12. c3 Nxe2 13. Nxe2 b4 14. c4 Bg4 15. f3 Be6 16. 0-0 0-0 17. f4 Bg4 18. Nc1 f6 19. f5 g5 20. Kf2 Kg7 21. h4 h6 22. Rh1 Qc7 23. Rh2 Rh8 24. Nb3 a5 25. Qc1 a4 26. Nd2 a3 27. b3 Qf7 28. Qh1 Bh5 29. hxg5 hxg5 30. Bf3 Bxf3 31. Nxf3 Rxh2+ 32. Qxh2 Rh8 33. Qg2 Qh5 34. g4 Qh3 35. Qxh3 Rxh3 36. Kg2 Rh8 37. Rh1 Rxh1 38. Kxh1 Nd4 39. Nxd4 cxd4 1/2-1/2

[Event "SLO-chT 25th"]
[Site "Otocec"]
[Date "2015.11.07"]
[Round "5.15"]
[White "Rozic, Samo"]
[Black "Brumen, Dinko"]
[Result "1-0"]
[WhiteElo "2231"]
[BlackElo "2356"]
[PlyCount "123"]
[EventDate "2015.10.16"]
[EventType "team-tourn"]
[EventRounds "9"]
[EventCountry "SLO"]
[SourceTitle "EXT 2020"]
[Source "ChessBase"]
[SourceDate "2019.10.17"]
[SourceVersion "1"]
[SourceVersionDate "2019.10.17"]
[SourceQuality "1"]
[WhiteTeam "Ig"]
[BlackTeam "Krsko Triglav"]
[WhiteTeamCountry "SLO"]
[BlackTeamCountry "SLO"]

1. e4 c5 2. Nc3 Nc6 3. g3 g6 4. Bg2 Bg7 5. d3 e6 6. Be3 Nd4 7. Qd2 Ne7 8. Nd1 e5 9. c3 Ne6 10. Bh6 0-0 11. Nf3 d6 12. h4 f5 13. Bxg7 Nxg7 14. exf5 gxf5 15. d4 cxd4 16. cxd4 e4 17. Ng5 d5 18. Nc3 f4 19. 0-0-0 f3 20. Bh3 a5 21. h5 h6 22. Bxc8 Qxc8 23. Nh3 Kh7 24. Nf4 Ra6 25. Kb1 Qf5 26. Ka1 a4 27. Nb5 Qd7 28. Na3 Rc6 29. Rdg1 Rcf6 30. Rc1 Rc8 31. Rxc8 Nxc8 32. Ng6 Ne7 33. Ne5 Qf5 34. Nc2 Nc6 35. Ne3 Qg5 36. N3g4 Re6 37. Qxg5 hxg5 38. Nf7 Nxd4 39. Nxg5+ Kh8 40. h6 Ngf5 41. Nxe6 Nxe6 42. Nf6 e3 43. fxe3 Ng5 44. g4 Nxe3 45. Rc1 Nc4 46. b3 axb3 47. axb3 Nd6 48. Kb2 f2 49. Nxd5 Kh7 50. Kc2 Kxh6 51. Rh1+ Kg7 52. Kd3 Nge4 53. Ne3 Kg6 54. Rc1 Kg5 55. Ke2 Kf4 56. Nd1 Kg3 57. Nxf2 Nxf2 58. Rg1+ Kf4 59. Kxf2 b5 60. Ke2 Ne4 61. Kd3 Ng5 62. Kc3 1-0

[Event "SLO-chT Central Superliga 16th"]
[Site "Slovenia"]
[Date "2015.10.15"]
[Round "4.1"]
[White "Rozic, Samo"]
[Black "Debevec, Blaz"]
[Result "1-0"]
[WhiteElo "2225"]
[BlackElo "2154"]
[PlyCount "88"]
[EventDate "2015.09.10"]
[EventType "team-tourn"]
[EventRounds "9"]
[EventCountry "SLO"]
[SourceTitle "EXT 2022"]
[Source "ChessBase"]
[SourceDate "2021.10.06"]
[SourceVersion "1"]
[SourceVersionDate "2021.10.06"]
[SourceQuality "1"]
[WhiteTeam "Ig"]
[BlackTeam "Komenda Popotnik"]
[WhiteTeamCountry "SLO"]
[BlackTeamCountry "SLO"]

1. e4 c6 2. d4 d5 3. exd5 cxd5 4. h3 Bf5 5. Nf3 Nc6 6. c3 e6 7. Bf4 Bd6 8. Bxd6 Qxd6 9. Be2 Nf6 10. Nbd2 0-0 11. 0-0 Ne4 12. Re1 Rab8 13. a4 a6 14. Nxe4 dxe4 15. Nd2 b5 16. axb5 axb5 17. Ra6 Rfc8 18. Nb3 Qf4 19. Qc1 Qh4 20. Qe3 Ne7 21. g4 h5 22. Qg3 Qxg3+ 23. fxg3 hxg4 24. hxg4 Bg6 25. Kf2 Rd8 26. Rea1 Kf8 27. R1a5 b4 28. c4 Rbc8 29. Ke3 f5 30. Nc5 Nc6 31. Nxe6+ Ke7 32. Rxc6 Rxc6 33. Nxd8 Kxd8 34. gxf5 Bf7 35. d5 Rh6 36. Kxe4 Rh2 37. Bd3 Rxb2 38. c5 Rd2 39. d6 Bd5+ 40. Kxd5 Rxd3+ 41. Kc6 Ke8 42. Ra8+ Kf7 43. d7 b3 44. d8Q Rxd8 1-0

[Event "SLO-chT1 West"]
[Site "Ljubljana"]
[Date "2014.10.11"]
[Round "5"]
[White "Rozic, Samo"]
[Black "Kerma, Simon"]
[Result "1-0"]
[WhiteElo "2161"]
[BlackElo "2117"]
[PlyCount "103"]
[EventDate "2014.10.03"]
[EventType "team-tourn"]
[EventRounds "9"]
[EventCountry "SLO"]
[SourceTitle "EXT 2019"]
[Source "ChessBase"]
[SourceDate "2018.10.10"]
[SourceVersion "1"]
[SourceVersionDate "2018.10.10"]
[SourceQuality "1"]
[WhiteTeam "Ig"]
[BlackTeam "Val Koper"]
[WhiteTeamCountry "SLO"]
[BlackTeamCountry "SLO"]

1. e4 c5 2. Nc3 Nc6 3. g3 g6 4. Bg2 Bg7 5. d3 e6 6. Be3 Nd4 7. Qd2 Ne7 8. Nd1 b6 9. c3 Ndc6 10. Bh6 0-0 11. h4 Ne5 12. Bxg7 Kxg7 13. h5 Ng8 14. Ne3 Ba6 15. c4 b5 16. Qc3 f6 17. hxg6 hxg6 18. g4 bxc4 19. dxc4 Qb6 20. Nf3 Qxb2 21. Qxb2 Nd3+ 22. Kd2 Nxb2 23. Rab1 Rab8 24. Kc3 Na4+ 25. Kc2 Nb6 26. Bf1 Ne7 27. Nd2 Nc6 28. Nb3 Nd4+ 29. Kd2 Nxb3+ 30. axb3 Bb7 31. Bd3 d5 32. exd5 exd5 33. cxd5 Nxd5 34. Rhc1 Nxe3 35. Kxe3 Rfe8+ 36. Kd2 Rec8 37. Ra1 Ra8 38. Ra5 Bd5 39. b4 cxb4 40. Rxc8 Rxc8 41. Rxd5 Kh6 42. Rb5 b3 43. f3 f5 44. gxf5 gxf5 45. Bxf5 Rd8+ 46. Kc3 Kg5 47. Be4+ Kf4 48. Rb7 a5 49. Kxb3 Rd4 50. Ra7 Rb4+ 51. Ka3 Rb5 52. Ka4 1-0

[Event "SLO-chT1 West"]
[Site "Ljubljana"]
[Date "2014.10.05"]
[Round "3"]
[White "Rozic, Samo"]
[Black "Orehek, Spela"]
[Result "1/2-1/2"]
[WhiteElo "2161"]
[BlackElo "2024"]
[PlyCount "74"]
[EventDate "2014.10.03"]
[EventType "team-tourn"]
[EventRounds "9"]
[EventCountry "SLO"]
[SourceTitle "EXT 2019"]
[Source "ChessBase"]
[SourceDate "2018.10.10"]
[SourceVersion "1"]
[SourceVersionDate "2018.10.10"]
[SourceQuality "1"]
[WhiteTeam "Ig"]
[BlackTeam "Domzale"]
[WhiteTeamCountry "SLO"]
[BlackTeamCountry "SLO"]

1. e4 e5 2. d4 exd4 3. Qxd4 Nc6 4. Qe3 Nf6 5. Nc3 Bb4 6. Bd2 0-0 7. 0-0-0 Re8 8. f3 d5 9. Qf2 d4 10. Nce2 Bc5 11. Nf4 Qd6 12. Kb1 Ne5 13. Nd3 Bb6 14. g4 c5 15. Nxe5 Qxe5 16. g5 Nd7 17. c4 f6 18. gxf6 Nxf6 19. Bd3 Bc7 20. Ne2 Rf8 21. Qg2 Qe7 22. Rhg1 Nh5 23. Ng3 Nf4 24. Bxf4 Bxf4 25. Nf5 Bxf5 26. exf5 Be3 27. Rge1 Rae8 28. Qc2 Qf6 29. Be4 b6 30. Re2 Kh8 31. Rg2 Re7 32. Rg4 Rd8 33. h4 Red7 34. Qe2 Qf7 35. Qd3 Qf6 36. Rh1 Bh6 37. Re1 Re7 1/2-1/2

[Event "SLO-chT2 West"]
[Site "Ljubljana"]
[Date "2013.11.17"]
[Round "9.3"]
[White "Rozic, Samo"]
[Black "Rojs, Igor"]
[Result "1/2-1/2"]
[WhiteElo "2156"]
[BlackElo "1940"]
[PlyCount "24"]
[EventDate "2013.11.08"]
[EventType "team"]
[EventRounds "9"]
[EventCountry "SLO"]
[SourceTitle "EXT 2015"]
[Source "ChessBase"]
[SourceDate "2014.11.20"]
[SourceVersion "1"]
[SourceVersionDate "2014.11.20"]
[SourceQuality "1"]
[WhiteTeam "Ig"]
[BlackTeam "Trzin"]
[WhiteTeamCountry "SLO"]
[BlackTeamCountry "SLO"]

1. e4 d6 2. Nc3 Nf6 3. g3 c6 4. Bg2 e5 5. Nf3 Nbd7 6. 0-0 g6 7. d3 Bg7 8. Kh1 0-0 9. Nh4 Nh5 10. Bf3 Nhf6 11. Bg2 Nh5 12. Bf3 Nhf6 1/2-1/2

[Event "SLO-chT Central Superliga 14th"]
[Site "Slovenia"]
[Date "2013.10.17"]
[Round "4.3"]
[White "Skok, Joze"]
[Black "Rozic, Samo"]
[Result "1/2-1/2"]
[WhiteElo "2005"]
[BlackElo "2163"]
[PlyCount "40"]
[EventDate "2013.09.19"]
[EventType "team-tourn"]
[EventRounds "9"]
[EventCountry "SLO"]
[SourceTitle "EXT 2022"]
[Source "ChessBase"]
[SourceDate "2021.10.06"]
[SourceVersion "1"]
[SourceVersionDate "2021.10.06"]
[SourceQuality "1"]
[WhiteTeam "Bor Dob"]
[BlackTeam "Ig"]
[WhiteTeamCountry "SLO"]
[BlackTeamCountry "SLO"]

1. e4 e6 2. d3 d5 3. Nd2 Nf6 4. g3 b6 5. Bg2 Bb7 6. Qe2 g6 7. Ngf3 Bg7 8. 0-0 c5 9. Re1 Nc6 10. c3 dxe4 11. Nxe4 Nxe4 12. dxe4 e5 13. Bg5 Qc7 14. Rad1 h6 15. Be3 0-0 16. Qd2 Rad8 17. Qc1 Kh7 18. Rxd8 Rxd8 19. Rd1 Qe7 20. Qc2 Rxd1+ 1/2-1/2

[Event "SLO-chT Central Superliga 14th"]
[Site "Slovenia"]
[Date "2013.09.19"]
[Round "1.1"]
[White "Rozic, Samo"]
[Black "Sirnik, Bostjan"]
[Result "0-1"]
[WhiteElo "2163"]
[BlackElo "2211"]
[PlyCount "60"]
[EventDate "2013.09.19"]
[EventType "team-tourn"]
[EventRounds "9"]
[EventCountry "SLO"]
[SourceTitle "EXT 2022"]
[Source "ChessBase"]
[SourceDate "2021.10.06"]
[SourceVersion "1"]
[SourceVersionDate "2021.10.06"]
[SourceQuality "1"]
[WhiteTeam "Ig"]
[BlackTeam "Srecko Kosovel"]
[WhiteTeamCountry "SLO"]
[BlackTeamCountry "SLO"]

1. e4 d6 2. Nc3 c6 3. g3 d5 4. exd5 cxd5 5. d4 Nf6 6. Bg2 Bg4 7. Nf3 e6 8. h3 Bh5 9. 0-0 Nc6 10. Ne2 Bg6 11. c3 a6 12. a4 Be4 13. Re1 h6 14. g4 Bd6 15. Bf4 Bxf3 16. Bxf3 Ne7 17. Qd2 g5 18. Bxd6 Qxd6 19. Ng3 Ng6 20. c4 dxc4 21. Bxb7 Rb8 22. Nf5 Qc7 23. Bf3 Kf8 24. Ng3 Nf4 25. Bg2 h5 26. gxh5 N6xh5 27. Re5 Nxg2 28. Nxh5 Nh4 29. Qd1 Rb3 30. Re1 Qb7 0-1

[Event "SLO-chT U20"]
[Site "Koper"]
[Date "2012.08.29"]
[Round "2"]
[White "Markoja, Sebastijan"]
[Black "Rozic, Samo"]
[Result "0-1"]
[WhiteElo "2018"]
[BlackElo "2089"]
[PlyCount "68"]
[EventDate "2012.08.28"]
[EventType "team-tourn"]
[EventRounds "7"]
[EventCountry "SLO"]
[SourceTitle "EXT 2022"]
[Source "ChessBase"]
[SourceDate "2021.10.06"]
[SourceVersion "1"]
[SourceVersionDate "2021.10.06"]
[SourceQuality "1"]

1. e4 e6 2. d4 d5 3. Nd2 c5 4. exd5 Qxd5 5. Ngf3 cxd4 6. Bc4 Qd6 7. Qe2 a6 8. Nb3 Nc6 9. Bg5 h6 10. Bd2 g6 11. 0-0-0 Bg7 12. g3 Nge7 13. Rhe1 e5 14. c3 Qf6 15. Nh4 0-0 16. Nc5 Qd6 17. Ne4 Qc7 18. f3 b5 19. Bb3 dxc3 20. bxc3 Nd4 21. Qe3 b4 22. Kb2 Nxb3 23. axb3 Nd5 24. Qd3 bxc3+ 25. Nxc3 Nxc3 26. Bxc3 Be6 27. Ra1 Rfd8 28. Qc2 Rab8 29. Ra3 Bf8 30. Rea1 Bxa3+ 31. Rxa3 Rb5 32. Nxg6 Rdb8 33. Bxe5 Qxc2+ 34. Kxc2 Rc8+ 0-1

[Event "SLO-ch U20"]
[Site "Kamnik"]
[Date "2012.06.26"]
[Round "6"]
[White "Rozic, Samo"]
[Black "Bratkovic, Jakob"]
[Result "1-0"]
[WhiteElo "2094"]
[BlackElo "1916"]
[PlyCount "70"]
[EventDate "2012.06.23"]
[EventType "swiss"]
[EventRounds "7"]
[EventCountry "SLO"]
[SourceTitle "EXT 2019"]
[Source "ChessBase"]
[SourceDate "2018.10.10"]
[SourceVersion "1"]
[SourceVersionDate "2018.10.10"]
[SourceQuality "1"]

1. e4 e5 2. Nc3 Nc6 3. Bc4 Nf6 4. d3 Be7 5. f4 exf4 6. Bxf4 d6 7. Nf3 0-0 8. 0-0 Na5 9. Bb3 Nxb3 10. axb3 c6 11. d4 Nh5 12. Be3 f5 13. exf5 Bxf5 14. Qd2 Bg6 15. d5 c5 16. Ng5 Rxf1+ 17. Rxf1 Bxg5 18. Bxg5 Qd7 19. Qf2 Re8 20. h3 Qf7 21. g4 Qxf2+ 22. Rxf2 Ng3 23. Bf4 Ne4 24. Nxe4 Bxe4 25. Bxd6 Bxd5 26. Bxc5 b6 27. Bd4 g6 28. Rd2 Bb7 29. Bf6 Rf8 30. g5 h6 31. Rd7 Rf7 32. Rd8+ Rf8 33. Rxf8+ Kxf8 34. gxh6 Kg8 35. b4 g5 1-0